01178nab a22002537a 4500999001500000003000400015005001700019008004100036040000700077100003600084245007300120260007300193300001300266500004400279505024200323505009000565650003500655650002600690650002000716650001800736650001900754773013800773942001300911 c5450d5450OSt20251123204039.0190603e xxum|||| |||| 00| 0 spa d cPJ 96454aRoveda, Eduardo Guillermo10aResponsabilidad parental y padres por afinidad /cEduardo G. Roveda. cCiudad Autónoma de Buenos Aires :aThomson Reuters La Ley, b2025. ap. 44-51 aCita Online: TR LALEY AR/DOC/428/2025.  aSumario: I. Introducción.— II. Concepto.— III. Deberes y derechos del progenitor afín.— IV. La delegación del ejercicio de la responsabilidad parental a favor del progenitor afín.— V. Ejercicio conjunto.— VI. Alimentos. t¿Te interesa el texto completo? Solicitalo al correo: koha@justierradelfuego.gov.ar  091015aRESPONSABILIDAD PARENTAL 094103aPROGENITOR AFIN 095369aCÓNYUGE 09977aDIVORCIO 09968aALIMENTOS0 0271393170dCiudad Autónoma de Buenos Aires : Thomson Reuters La Ley, 2015-tRevista Código Civil y Comercial. Nº 2 - Abril 2025 2udccANA